<?xml version="1.0" encoding="UTF-8"?>
<record
    xmlns:xsi="http://www.w3.org/2001/XMLSchema-instance"
    xsi:schemaLocation="http://www.loc.gov/MARC21/slim http://www.loc.gov/standards/marcxml/schema/MARC21slim.xsd"
    xmlns="http://www.loc.gov/MARC21/slim">

  <leader>00878nam a22001337a 4500</leader>
  <datafield tag="040" ind1=" " ind2=" ">
    <subfield code="c">RUA</subfield>
  </datafield>
  <datafield tag="082" ind1=" " ind2=" ">
    <subfield code="a">FIS YOE 2022 B473 Or.</subfield>
  </datafield>
  <datafield tag="100" ind1=" " ind2=" ">
    <subfield code="a">YOEURN SREYNI,&#x1799;&#x17BF;&#x1793; &#x179F;&#x17D2;&#x179A;&#x17B8;&#x1793;&#x17B7;</subfield>
  </datafield>
  <datafield tag="245" ind1=" " ind2=" ">
    <subfield code="a">THE PRESENCE OF METACERCARIAE TREMATODE(Haplorchiodes mehrai)IN SIL VER BARB(Barbonumus gonionotus) AND RED-TAILED TINFOIL(Barbonymus altus) FROM RIVER MARKET AND AQUACULTURE,&#x179C;&#x178F;&#x17D2;&#x178F;&#x1798;&#x17B6;&#x1793;&#x178A;&#x1784;&#x17D2;&#x1780;&#x17BC;&#x179C;&#x1794;&#x17C9;&#x17B6;&#x179A;&#x17C9;&#x17B6;&#x179F;&#x17CA;&#x17B8;&#x178F; Haplorchoides mehrai &#x1793;&#x17C5;&#x1780;&#x17D2;&#x1793;&#x17BB;&#x1784;&#x178F;&#x17D2;&#x179A;&#x17B8;&#x1786;&#x17D2;&#x1796;&#x17B7;&#x1793;&#x1794;&#x17D2;&#x179A;&#x17B6;&#x1780;&#x17CB; &#x1793;&#x17B7;&#x1784;&#x178F;&#x17D2;&#x179A;&#x17B8;&#x1780;&#x17B6;&#x17A0;&#x17C2;&#x178A;&#x17C2;&#x179B;&#x1798;&#x17B6;&#x1793;&#x1794;&#x17D2;&#x179A;&#x1797;&#x1796;&#x1798;&#x1780;&#x1796;&#x17B8;&#x1791;&#x1793;&#x17D2;&#x179B;&#x17C1; &#x1791;&#x17B8;&#x1795;&#x17D2;&#x179F;&#x17B6;&#x179A; &#x1793;&#x17B7;&#x1784;&#x179C;&#x17B6;&#x179A;&#x17B8;&#x179C;&#x1794;&#x17D2;&#x1794;&#x1780;&#x1798;&#x17D2;&#x1798; </subfield>
  </datafield>
  <datafield tag="260" ind1=" " ind2=" ">
    <subfield code="a">phnom penh</subfield>
    <subfield code="b">rua</subfield>
    <subfield code="c">2022</subfield>
  </datafield>
  <datafield tag="300" ind1=" " ind2=" ">
    <subfield code="a">xi.37p.</subfield>
    <subfield code="b">ill.</subfield>
    <subfield code="c">29cm.</subfield>
  </datafield>
  <datafield tag="856" ind1=" " ind2=" ">
    <subfield code="u">https://drive.google.com/file/d/1pRCxiqFueHfKkNMHW5hfMPIdG8LHGu7O/view?usp=sharing</subfield>
  </datafield>
  <datafield tag="942" ind1=" " ind2=" ">
    <subfield code="c">FIS</subfield>
  </datafield>
  <datafield tag="999" ind1=" " ind2=" ">
    <subfield code="c">22604</subfield>
    <subfield code="d">22604</subfield>
  </datafield>
  <datafield tag="952" ind1=" " ind2=" ">
    <subfield code="0">0</subfield>
    <subfield code="1">0</subfield>
    <subfield code="4">0</subfield>
    <subfield code="6">FIS_YOE_2022_000000000000000_B473_OR</subfield>
    <subfield code="7">0</subfield>
    <subfield code="9">97140</subfield>
    <subfield code="a">LBB</subfield>
    <subfield code="b">LBB</subfield>
    <subfield code="c">B473</subfield>
    <subfield code="d">2024-03-19</subfield>
    <subfield code="o">FIS YOE 2022 B473 Or.</subfield>
    <subfield code="p">a075038</subfield>
    <subfield code="r">2024-03-19</subfield>
    <subfield code="y">FIS</subfield>
  </datafield>
  <datafield tag="952" ind1=" " ind2=" ">
    <subfield code="0">0</subfield>
    <subfield code="1">0</subfield>
    <subfield code="4">0</subfield>
    <subfield code="6">FIS_YOE_2022_000000000000000_B473_OR</subfield>
    <subfield code="7">0</subfield>
    <subfield code="9">97141</subfield>
    <subfield code="a">LBB</subfield>
    <subfield code="b">LBB</subfield>
    <subfield code="c">B473</subfield>
    <subfield code="d">2024-03-19</subfield>
    <subfield code="o">FIS YOE 2022 B473 Or.</subfield>
    <subfield code="p">a075078</subfield>
    <subfield code="r">2024-03-19</subfield>
    <subfield code="y">FIS</subfield>
  </datafield>
  <datafield tag="952" ind1=" " ind2=" ">
    <subfield code="0">0</subfield>
    <subfield code="1">0</subfield>
    <subfield code="4">0</subfield>
    <subfield code="6">FIS_YOE_2022_000000000000000_B473_OR</subfield>
    <subfield code="7">0</subfield>
    <subfield code="9">97142</subfield>
    <subfield code="a">LBB</subfield>
    <subfield code="b">LBB</subfield>
    <subfield code="c">B473</subfield>
    <subfield code="d">2024-03-19</subfield>
    <subfield code="o">FIS YOE 2022 B473 Or.</subfield>
    <subfield code="p">a074741</subfield>
    <subfield code="r">2024-03-19</subfield>
    <subfield code="y">FIS</subfield>
  </datafield>
  <datafield tag="952" ind1=" " ind2=" ">
    <subfield code="0">0</subfield>
    <subfield code="1">0</subfield>
    <subfield code="4">0</subfield>
    <subfield code="6">FIS_YOE_2022_000000000000000_B473_OR</subfield>
    <subfield code="7">0</subfield>
    <subfield code="9">97143</subfield>
    <subfield code="a">LBB</subfield>
    <subfield code="b">LBB</subfield>
    <subfield code="c">B473</subfield>
    <subfield code="d">2024-03-19</subfield>
    <subfield code="o">FIS YOE 2022 B473 Or.</subfield>
    <subfield code="p">a074898</subfield>
    <subfield code="r">2024-03-19</subfield>
    <subfield code="y">FIS</subfield>
  </datafield>
</record>
